| 000 | 00437nam a2200181Ia 4500 | ||
|---|---|---|---|
| 001 | 17468 | ||
| 005 | 20260306171519.0 | ||
| 008 | 260306s9999||||xx |||||||||||||| ||und|| | ||
| 041 | _aESP | ||
| 082 |
_a658 _bG37 |
||
| 100 |
_aGeorge, Claude S., Jr. _eAUT |
||
| 245 | 0 | _aHistoria del pensamiento administrativo | |
| 260 | _c1974 | ||
| 300 |
_a217 páginas : _c23 cm. |
||
| 650 | _aGEN | ||
| 654 | _aCAN | ||
| 942 |
_cLIB _dJUS _fJUS _2ddc _n |
||
| 999 |
_c17468 _d17468 |
||